| 000 | 00689nam a2200217 a 4500 | ||
|---|---|---|---|
| 999 |
_c9627 _d9627 |
||
| 001 | 9627 | ||
| 003 | BD-JhCC | ||
| 005 | 20180321102200.0 | ||
| 008 | 180321s1377 bg |||| ||a| 000 0 b d | ||
| 035 | _a(BD-JhCC)9627 | ||
| 040 |
_aBD-JhCC _dBD-JhCC |
||
| 041 | _aben | ||
| 082 |
_a923 _bRAH 1377 |
||
| 100 | _aরহমান, বদিউর | ||
| 245 |
_aপ্রেসিডেন্ট জামাল আবদুন্ নাসের / _cবদিউর রহমান |
||
| 260 |
_aবরিশাল: _bবাছিত প্রিন্টিং ওয়ার্কস; _c1377. |
||
| 300 |
_a67 p.: _c21 cm. |
||
| 651 | _aBiography | ||
| 942 |
_2ddc _cBK |
||